[Event "DVM U20w 2024"]
[Site "Sebnitz GER"]
[Date "2024.12.27"]
[Round "1"]
[White "Pikki, Daria"]
[Black "Falke, Ornella"]
[Result "0-1"]
[Termination "normal"]
[Board "1.1"]
[BlackTitle "WCM"]
[WhiteElo "1807"]
[BlackElo "2019"]
[WhiteTeam "SV Königsjäger Süd-West"]
[BlackTeam "Elmshorner SC 1896"]
[PlyCount "128"]
[WhiteFideId "16281306"]
[BlackFideId "16207092"]
[EventCountry "GER"]
[EventRounds "7"]
[EventType "team-swiss"]
[EventDate "2024.12.26"]

1. d4 d5 2. c4 e6 3. Nc3 Nf6 4. cxd5 exd5 5. Bg5 Be7 6. e3 O-O 7. Bd3 Nbd7 8.
Nf3 Re8 9. O-O c6 10. Qc2 g6 11. Rfc1 Nh5 12. Bxe7 Qxe7 13. Rab1 a5 14. Na4 Ng7
15. a3 Qf6 16. b3 Qd6 17. Nc5 Nxc5 18. dxc5 Qf6 19. b4 axb4 20. axb4 h5 21. b5
cxb5 22. Bxb5 Re7 23. Qd2 Bf5 24. Bd3 Be4 25. Rb6 Qf5 26. Be2 Rc8 27. Qb2 Qd7
28. c6 Rxc6 29. Rbxc6 bxc6 30. Ne5 Qf5 31. Nxc6 Re8 32. Nd4 Qg5 33. Nf3 Qe7 34.
Qc3 Nf5 35. Ne1 Nd6 36. Nf3 h4 37. Qc7 Qf6 38. Qc3 Qd8 39. Qc7 Qf6 40. Qc3 Qe7
41. Qc7 Qf8 42. Rc6 Nf5 43. Ng5 Ne7 44. Rc5 Qg7 45. Qa5 Rb8 46. Rc1 Qb2 47. Re1
Qf6 48. Nh3 Nc6 49. Qc7 Rb2 50. f3 Qc3 51. Kf2 Bf5 52. Ng5 Be6 53. Nxe6 fxe6
54. Qd7 Nb4 55. Qxe6+ Kf8 56. Qd6+ Kf7 57. Qf4+ Kg8 58. Kf1 Nc2 59. Qxh4 Nxe1
60. Qxe1 Qxe3 61. g3 Rc2 62. Qf2 Qe6 63. Ke1 d4 64. Kd1 Qb3 0-1

[Event "DVM U20w 2024"]
[Site "Sebnitz GER"]
[Date "2024.12.27"]
[Round "1"]
[White "Evering, Enna"]
[Black "Schmidt, Luise"]
[Result "1-0"]
[Termination "normal"]
[Board "1.2"]
[WhiteElo "1771"]
[BlackElo "1663"]
[WhiteTeam "Elmshorner SC 1896"]
[BlackTeam "SV Königsjäger Süd-West"]
[PlyCount "73"]
[WhiteFideId "16218213"]
[BlackFideId "16294475"]
[EventCountry "GER"]
[EventRounds "7"]
[EventType "team-swiss"]
[EventDate "2024.12.26"]

1. e4 e5 2. Nf3 Nc6 3. d4 exd4 4. Nxd4 Nf6 5. Nxc6 bxc6 6. e5 Qe7 7. Qe2 Nd5 8.
h4 f6 9. c4 Ba6 10. exf6 Qxe2+ 11. Bxe2 Nxf6 12. O-O Bc5 13. Nc3 O-O 14. b3
Rae8 15. Bb2 Ne4 16. Nxe4 Rxe4 17. Bf3 Rxh4 18. Rfd1 Bc8 19. a3 a5 20. Rd2 Rhf4
21. Be5 R4f5 22. Bxc7 Rg5 23. Kf1 Rf7 24. Bxa5 Ba6 25. Bb4 Bf8 26. Bxf8 Kxf8
27. Rd6 Re5 28. Re1 Ref5 29. Bxc6 Rxf2+ 30. Kg1 Bc8 31. Bxd7 Bxd7 32. Rxd7
Rxg2+ 33. Kxg2 Rxd7 34. b4 Rd2+ 35. Kf3 h5 36. Re3 g5 37. Re5 1-0

[Event "DVM U20w 2024"]
[Site "Sebnitz GER"]
[Date "2024.12.27"]
[Round "1"]
[White "Haase, Maike"]
[Black "Margaryan, Susanna"]
[Result "1/2-1/2"]
[Termination "normal"]
[Board "1.3"]
[WhiteElo "1649"]
[BlackElo "1746"]
[WhiteTeam "SV Königsjäger Süd-West"]
[BlackTeam "Elmshorner SC 1896"]
[PlyCount "75"]
[WhiteFideId "34619356"]
[BlackFideId "16268210"]
[EventCountry "GER"]
[EventRounds "7"]
[EventType "team-swiss"]
[EventDate "2024.12.26"]

1. e4 c5 2. Nf3 Nc6 3. c4 d6 4. Nc3 g6 5. d4 cxd4 6. Nxd4 Bg7 7. Be3 Nf6 8. Be2
O-O 9. O-O a6 10. f3 Bd7 11. Qd2 Rc8 12. Rac1 Re8 13. Kh1 h5 14. Nd5 Nxd5 15.
cxd5 Nxd4 16. Bxd4 Kh7 17. Bf2 Bh6 18. Be3 Bxe3 19. Qxe3 Qa5 20. a3 b5 21. b4
Qd8 22. Rxc8 Bxc8 23. Qa7 Qd7 24. Qb6 Qb7 25. Qxb7 Bxb7 26. Rc1 Kg7 27. Kg1 Kf6
28. Rc7 Bc8 29. Kf2 e6 30. dxe6 fxe6 31. f4 e5 32. Rc6 Ke6 33. fxe5 Kxe5 34.
Ke3 Ke6 35. Rc7 Ke5 36. Rc6 Ke6 37. Rc7 Ke5 38. Rc6 1/2-1/2

[Event "DVM U20w 2024"]
[Site "Sebnitz GER"]
[Date "2024.12.27"]
[Round "1"]
[White "Neitzel, Emma"]
[Black "Altuve Medina, Victoria Isabella"]
[Result "1-0"]
[Termination "normal"]
[Board "1.4"]
[WhiteElo "1522"]
[BlackElo "1554"]
[WhiteTeam "Elmshorner SC 1896"]
[BlackTeam "SV Königsjäger Süd-West"]
[PlyCount "73"]
[WhiteFideId "16298373"]
[BlackFideId "3935639"]
[EventCountry "GER"]
[EventRounds "7"]
[EventType "team-swiss"]
[EventDate "2024.12.26"]

1. d4 d5 2. c4 e6 3. Nc3 Nf6 4. e3 Be7 5. cxd5 exd5 6. Nf3 O-O 7. Bd3 a6 8. O-O
Nbd7 9. Qc2 Re8 10. e4 dxe4 11. Nxe4 Nf8 12. Bf4 c6 13. Rfe1 Ng6 14. Nxf6+ Bxf6
15. Rxe8+ Qxe8 16. Re1 Qd8 17. Bxg6 hxg6 18. Qe4 Bf5 19. Qe3 Kf8 20. Bg5 Bxg5
21. Nxg5 f6 22. Ne6+ Bxe6 23. Qxe6 Qd7 24. g3 Qf7 25. Qd6+ Kg8 26. Re7 Qf8 27.
Qe6+ Kh8 28. Rxb7 Qe8 29. Re7 Qf8 30. Qxc6 Rc8 31. Qe6 Rc6 32. Qd7 Rc8 33. d5
Rd8 34. Qe6 Kh7 35. d6 a5 36. d7 Kh8 37. Re8 1-0

[Event "DVM U20w 2024"]
[Site "Sebnitz GER"]
[Date "2024.12.27"]
[Round "1"]
[White "Sickmann, Lisa"]
[Black "Hafermann, Lara"]
[Result "1-0"]
[Termination "normal"]
[Board "2.1"]
[WhiteTitle "WFM"]
[WhiteElo "2251"]
[BlackElo "1726"]
[WhiteTeam "Lübecker SV 1873"]
[BlackTeam "SC Borussia Lichtenberg"]
[PlyCount "79"]
[WhiteFideId "16267818"]
[BlackFideId "16298306"]
[EventCountry "GER"]
[EventRounds "7"]
[EventType "team-swiss"]
[EventDate "2024.12.26"]

1. e4 c5 2. Nf3 d6 3. d4 cxd4 4. Nxd4 Nf6 5. Nc3 a6 6. f4 e5 7. Nb3 Be7 8. fxe5
dxe5 9. Qxd8+ Bxd8 10. Be2 b5 11. a4 b4 12. Nd5 Nxd5 13. exd5 Bb7 14. Bf3 Nd7
15. Be3 Bb6 16. Bxb6 Nxb6 17. O-O-O Nxa4 18. Na5 Nc5 19. c3 Rb8 20. cxb4 Nd7
21. Kb1 O-O 22. Rhe1 f5 23. Rc1 e4 24. Rc7 Bc8 25. Nc6 Rb7 26. Rxc8 Rxc8 27.
Ne7+ Kf8 28. Nxc8 exf3 29. Nd6 Rb8 30. gxf3 Nf6 31. Rd1 g6 32. Rd4 Ke7 33. Nc4
Rxb4 34. d6+ Ke6 35. Kc2 Nd7 36. Kc3 Rb5 37. Rd1 Nb6 38. Nxb6 Rxb6 39. d7 Rc6+
40. Kb4 1-0

[Event "DVM U20w 2024"]
[Site "Sebnitz GER"]
[Date "2024.12.27"]
[Round "1"]
[White "Hasselmann, Isabelle Sophia"]
[Black "Hellenbroich, Helene"]
[Result "1/2-1/2"]
[Termination "normal"]
[Board "2.2"]
[WhiteElo "1606"]
[BlackElo "1644"]
[WhiteTeam "SC Borussia Lichtenberg"]
[BlackTeam "Lübecker SV 1873"]
[PlyCount "106"]
[WhiteFideId "16266951"]
[BlackFideId "16270754"]
[EventCountry "GER"]
[EventRounds "7"]
[EventType "team-swiss"]
[EventDate "2024.12.26"]

1. e4 e6 2. d4 d5 3. e5 c5 4. c3 Nc6 5. Nf3 Qb6 6. Bd3 Bd7 7. Bc2 Nge7 8. O-O
Ng6 9. Re1 Be7 10. b3 O-O 11. Be3 Rac8 12. Nbd2 Qc7 13. Rc1 cxd4 14. cxd4 Ba3
15. Rb1 Nb4 16. Bxg6 hxg6 17. Nf1 Nc2 18. Re2 Bb5 19. Rd2 Bb4 20. Rc1 Bxd2 21.
Bxd2 Qc6 22. Ng3 Rc7 23. Ne1 Rfc8 24. Rxc2 Qa6 25. Rxc7 Rxc7 26. a4 Be8 27. Nf3
Qd3 28. b4 Rc2 29. b5 Rb2 30. Qe2 Qb1+ 31. Qe1 Qa2 32. Qd1 Rb1 33. Bc1 Qc4 34.
Ne2 Ra1 35. Nd2 Qd3 36. Kf1 a6 37. Ke1 axb5 38. Nb3 Qxd1+ 39. Kxd1 Ra2 40. a5
b4 41. Ke1 Bb5 42. Bd2 Rb2 43. Nec1 Bc4 44. Nc5 Rb1 45. Kd1 b3 46. Na4 b2 47.
Kc2 bxc1=Q+ 48. Bxc1 Rb5 49. Nc5 Rxa5 50. Nxb7 Ra1 51. Nc5 Kf8 52. Nd7+ Ke7 53.
Nb6 Ra6 1/2-1/2

[Event "DVM U20w 2024"]
[Site "Sebnitz GER"]
[Date "2024.12.27"]
[Round "1"]
[White "Rosin, Ida"]
[Black "Kessen, Fanny"]
[Result "1-0"]
[Termination "normal"]
[Board "2.3"]
[WhiteElo "1611"]
[BlackElo "1663"]
[WhiteTeam "Lübecker SV 1873"]
[BlackTeam "SC Borussia Lichtenberg"]
[PlyCount "153"]
[WhiteFideId "16273214"]
[BlackFideId "16217357"]
[EventCountry "GER"]
[EventRounds "7"]
[EventType "team-swiss"]
[EventDate "2024.12.26"]

1. e4 e5 2. Nf3 Nc6 3. d4 exd4 4. Bc4 Qf6 5. Bg5 Qg6 6. O-O h6 7. Bh4 Bc5 8. e5
d6 9. Re1 Be6 10. Bd3 Qh5 11. exd6 Bxd6 12. Bc4 Kd7 13. Ne5+ Qxe5 14. Rxe5 Bxe5
15. Bxe6+ fxe6 16. Nd2 Bf6 17. Bxf6 Nxf6 18. Nf3 e5 19. Nxe5+ Nxe5 20. Qxd4+
Ke6 21. Re1 Rhe8 22. Rxe5+ Kf7 23. Kf1 c6 24. f3 a6 25. Rxe8 Rxe8 26. Kf2 Re7
27. c4 Rd7 28. Qc3 Re7 29. g4 Nd7 30. Qd4 Ne5 31. h3 Ng6 32. f4 Kg8 33. Qd8+
Kf7 34. Qd4 Kg8 35. Kg3 Rf7 36. f5 Nf8 37. Qe4 Nh7 38. h4 Nf6 39. Qe6 Kf8 40.
g5 hxg5 41. hxg5 Re7 42. Qc8+ Ne8 43. g6 Re3+ 44. Kf2 Re7 45. Qd8 Re5 46. Qd7
Re7 47. Qd3 Nf6 48. Kf3 Nd7 49. Kf4 Nf6 50. Qd6 Ne8 51. Qa3 Nf6 52. Qh3 Re4+
53. Kf3 Re7 54. Qh8+ Ng8 55. Kf4 c5 56. a3 a5 57. a4 b6 58. b3 Re8 59. f6 gxf6
60. g7+ Kf7 61. Qh5+ Ke7 62. Kf5 Kd7 63. Qf7+ Ne7+ 64. Kxf6 Kd8 65. Qxe7+ Rxe7
66. g8=Q+ Re8 67. Qf7 Re3 68. Qd5+ Kc7 69. Qd1 Re4 70. Qd3 Rd4 71. Qg3+ Kb7 72.
Ke5 Kc7 73. Qg7+ Rd7 74. Qg3 Kc6 75. Ke6 Rd4 76. Qb8 Rd7 77. Qe8 1-0

[Event "DVM U20w 2024"]
[Site "Sebnitz GER"]
[Date "2024.12.27"]
[Round "1"]
[White "Benary, Annika"]
[Black "Gossing, Marie-Sophie"]
[Result "0-1"]
[Termination "normal"]
[Board "2.4"]
[WhiteElo "1261"]
[BlackElo "1609"]
[WhiteTeam "SC Borussia Lichtenberg"]
[BlackTeam "Lübecker SV 1873"]
[PlyCount "120"]
[WhiteFideId "533025550"]
[BlackFideId "16217284"]
[EventCountry "GER"]
[EventRounds "7"]
[EventType "team-swiss"]
[EventDate "2024.12.26"]

1. d4 Nf6 2. Nf3 g6 3. e3 Bg7 4. c4 O-O 5. Be2 d6 6. Nc3 c5 7. dxc5 dxc5 8.
Qxd8 Rxd8 9. O-O Nc6 10. Bd2 Bf5 11. Rad1 Ne4 12. Nxe4 Bxe4 13. Bc1 Nb4 14. a3
Na2 15. Rxd8+ Rxd8 16. b3 Nc3 17. Re1 Nxe2+ 18. Rxe2 Bxf3 19. gxf3 Rd1+ 20. Kg2
Rxc1 21. Rd2 Rc3 22. Rd7 Rxb3 23. Rxe7 b5 24. cxb5 Rxa3 25. Rc7 Bf8 26. Kf1 Rb3
27. Rxa7 Rxb5 28. Rc7 Rb8 29. h3 Rd8 30. Ke2 Kg7 31. f4 h5 32. Kf3 Rd1 33. e4
Rd3+ 34. Kg2 Rc3 35. h4 Rc2 36. e5 Kg8 37. Kf3 Rc1 38. Rc8 Rh1 39. Kg3 Rg1+ 40.
Kf3 Rg4 41. Rc7 Rxh4 42. Kg3 Rg4+ 43. Kf3 g5 44. Ke4 Rxf4+ 45. Ke3 h4 46. f3 h3
47. e6 h2 48. exf7+ Rxf7 49. Rxf7 Kxf7 50. f4 gxf4+ 51. Kxf4 h1=Q 52. Ke5 Qd1
53. Ke4 c4 54. Ke3 c3 55. Ke4 c2 56. Ke5 c1=Q 57. Ke4 Qe1+ 58. Kf5 Qc5+ 59. Kf4
Qcf2+ 60. Kg4 Qeg1+ 0-1

[Event "DVM U20w 2024"]
[Site "Sebnitz GER"]
[Date "2024.12.27"]
[Round "1"]
[White "Klahold, Rona"]
[Black "Adelhardt, Lisa"]
[Result "1/2-1/2"]
[Termination "normal"]
[Board "3.1"]
[WhiteElo "1791"]
[BlackElo "1807"]
[WhiteTeam "SC Porta Westfalica 1950"]
[BlackTeam "SC Garching 1980"]
[PlyCount "78"]
[WhiteFideId "16222970"]
[BlackFideId "16235380"]
[EventCountry "GER"]
[EventRounds "7"]
[EventType "team-swiss"]
[EventDate "2024.12.26"]

1. e4 e5 2. Nf3 Nc6 3. Bc4 Bc5 4. c3 Nf6 5. d3 h6 6. Nbd2 O-O 7. Bb3 d5 8. O-O
dxe4 9. Nxe4 Nxe4 10. dxe4 Qf6 11. Qe2 a6 12. Rd1 Ne7 13. Be3 Bxe3 14. Qxe3 Ng6
15. Qc5 Bg4 16. Rd3 Nf4 17. Re3 Bxf3 18. Rxf3 Qg6 19. g3 Qxe4 20. Qe3 Qxe3 21.
Rxe3 Ng6 22. Rd1 Rad8 23. Red3 Rxd3 24. Rxd3 Re8 25. h4 Kf8 26. h5 Ne7 27. Rd7
Rc8 28. Kg2 Ke8 29. Rd3 c5 30. Rd6 c4 31. Bc2 Rc6 32. Rd2 Rb6 33. Ba4+ Nc6 34.
Re2 f6 35. b4 cxb3 36. axb3 Kf7 37. Rd2 Ke7 38. Kf3 Nb8 39. Ke4 Rd6 1/2-1/2

[Event "DVM U20w 2024"]
[Site "Sebnitz GER"]
[Date "2024.12.27"]
[Round "1"]
[White "Alferova, Emily"]
[Black "Duchstein, Anna"]
[Result "1-0"]
[Termination "normal"]
[Board "3.2"]
[WhiteElo "1739"]
[BlackElo "1716"]
[WhiteTeam "SC Garching 1980"]
[BlackTeam "SC Porta Westfalica 1950"]
[PlyCount "109"]
[WhiteFideId "16265904"]
[BlackFideId "16261372"]
[EventCountry "GER"]
[EventRounds "7"]
[EventType "team-swiss"]
[EventDate "2024.12.26"]

1. d4 Nf6 2. Nf3 g6 3. Nbd2 d6 4. e4 Bg7 5. Bc4 O-O 6. O-O Nbd7 7. e5 dxe5 8.
dxe5 Nh5 9. e6 Nb6 10. exf7+ Kh8 11. Bb3 a5 12. a4 e6 13. Ne4 Qxd1 14. Rxd1
Rxf7 15. Neg5 Rf8 16. Bxe6 h6 17. Bxc8 Raxc8 18. Ne6 Rf7 19. Nxg7 Kxg7 20. Bd2
Ra8 21. Re1 Nc4 22. Bc3+ Kh7 23. Ne5 Nxe5 24. Rxe5 b6 25. Rae1 Raf8 26. f3 Ng7
27. R1e4 Nf5 28. Re8 Nd6 29. Rxf8 Rxf8 30. Re7+ Rf7 31. Rxf7+ Nxf7 32. Kf2 g5
33. Ke3 Kg6 34. Kd4 c6 35. g4 Kf6 36. Ke3+ Ke6 37. b3 Ne5 38. Bxe5 Kxe5 39. c4
c5 40. h3 Kf6 41. Ke4 Ke6 42. f4 gxf4 43. Kxf4 Kf6 44. h4 Kf7 45. Kf5 Kg7 46.
g5 hxg5 47. hxg5 Kf7 48. g6+ Kg7 49. Ke6 Kxg6 50. Kd6 Kf5 51. Kc6 Ke4 52. Kxb6
Kd4 53. Kxa5 Kc3 54. Kb5 Kxb3 55. a5 1-0

[Event "DVM U20w 2024"]
[Site "Sebnitz GER"]
[Date "2024.12.27"]
[Round "1"]
[White "Dieckmann, Luna"]
[Black "Frowein, Jamie"]
[Result "1-0"]
[Termination "normal"]
[Board "3.3"]
[WhiteElo "1584"]
[BlackElo "1739"]
[WhiteTeam "SC Porta Westfalica 1950"]
[BlackTeam "SC Garching 1980"]
[PlyCount "73"]
[WhiteFideId "34607455"]
[BlackFideId "16282949"]
[EventCountry "GER"]
[EventRounds "7"]
[EventType "team-swiss"]
[EventDate "2024.12.26"]

1. d4 Nf6 2. Nf3 e6 3. e3 d5 4. Bd3 Be7 5. O-O O-O 6. Nbd2 c5 7. c4 cxd4 8.
exd4 Nc6 9. b3 dxc4 10. Bxc4 Nxd4 11. Bb2 Nxf3+ 12. Nxf3 a6 13. a4 b6 14. Qe2
Bb7 15. Rfd1 Qb8 16. Be5 Bxf3 17. gxf3 Qb7 18. Rac1 Nd5 19. Bxd5 exd5 20. Rc7
Qb8 21. Rxe7 Qd8 22. Bc7 Qc8 23. Bxb6 Qc6 24. a5 Qg6+ 25. Kh1 Rac8 26. Qe5 f6
27. Qe6+ Kh8 28. Rg1 Qd3 29. Qg4 g6 30. Qh3 h5 31. Re3 Qc2 32. Qg3 g5 33. h4
Rg8 34. Bd4 Qf5 35. hxg5 Kh7 36. Re7+ Kg6 37. gxf6+ 1-0

[Event "DVM U20w 2024"]
[Site "Sebnitz GER"]
[Date "2024.12.27"]
[Round "1"]
[White "Schmitt, Amelie"]
[Black "Dieckmann, Phibie"]
[Result "1-0"]
[Termination "normal"]
[Board "3.4"]
[WhiteElo "1640"]
[BlackElo "1068"]
[WhiteTeam "SC Garching 1980"]
[BlackTeam "SC Porta Westfalica 1950"]
[PlyCount "87"]
[WhiteFideId "34682481"]
[BlackFideId "34607161"]
[EventCountry "GER"]
[EventRounds "7"]
[EventType "team-swiss"]
[EventDate "2024.12.26"]

1. d4 d5 2. Nf3 Nf6 3. g3 g6 4. Bg2 Bg7 5. O-O O-O 6. c4 c6 7. Nc3 Be6 8. Ng5
Bf5 9. b3 Re8 10. Bb2 e5 11. dxe5 d4 12. exf6 dxc3 13. Qxd8 Rxd8 14. Bxc3 Bh6
15. h4 Re8 16. Rad1 Na6 17. Rd2 Nc5 18. Bb4 Ne4 19. Bxe4 Bxe4 20. Rd7 Bf8 21.
Bxf8 Rxf8 22. Nxe4 Rae8 23. f3 Rb8 24. Rfd1 a6 25. Re7 h5 26. Rdd7 b5 27. cxb5
axb5 28. Ng5 c5 29. Rxf7 Rxf7 30. Rxf7 Rf8 31. Rg7+ Kh8 32. Nf7+ Rxf7 33. Rxf7
Kg8 34. Rc7 Kf8 35. Kf2 c4 36. bxc4 bxc4 37. Ke3 c3 38. a4 Ke8 39. a5 Kd8 40.
Rg7 Ke8 41. a6 c2 42. Kd2 Kf8 43. a7 Ke8 44. a8=Q# 1-0

[Event "DVM U20w 2024"]
[Site "Sebnitz GER"]
[Date "2024.12.27"]
[Round "1"]
[White "Stelter, Finja"]
[Black "Chennupati, Lasya"]
[Result "1-0"]
[Termination "normal"]
[Board "4.1"]
[WhiteElo "1711"]
[BlackElo "1596"]
[WhiteTeam "SK Lehrte von 1919 e. V."]
[BlackTeam "SC Garching 1980 2"]
[PlyCount "57"]
[WhiteFideId "16298624"]
[BlackFideId "34646728"]
[EventCountry "GER"]
[EventRounds "7"]
[EventType "team-swiss"]
[EventDate "2024.12.26"]

1. e4 e5 2. Nf3 Nc6 3. d4 exd4 4. Nxd4 Nxd4 5. Qxd4 d6 6. Nc3 Ne7 7. Bc4 Nc6 8.
Qd1 g6 9. Be3 a6 10. Qd2 Be6 11. Nd5 Bxd5 12. Bxd5 Qd7 13. Qc3 Rg8 14. Rb1 Bg7
15. Qa3 Bd4 16. Bxc6 Qxc6 17. Bxd4 O-O-O 18. Qd3 d5 19. e5 f6 20. O-O fxe5 21.
Bxe5 Rgf8 22. c3 Rf5 23. Rbe1 Rg5 24. Bg3 d4 25. cxd4 h5 26. Rc1 Qd5 27. Rxc7+
Kb8 28. Rc5+ Rxg3 29. Qxg3+ 1-0

[Event "DVM U20w 2024"]
[Site "Sebnitz GER"]
[Date "2024.12.27"]
[Round "1"]
[White "Hofmeier, Viktoria"]
[Black "Zöllner, Bente"]
[Result "1-0"]
[Termination "normal"]
[Board "4.2"]
[WhiteElo "1587"]
[BlackElo "1805"]
[WhiteTeam "SC Garching 1980 2"]
[BlackTeam "SK Lehrte von 1919 e. V."]
[PlyCount "105"]
[WhiteFideId "34639675"]
[BlackFideId "16230523"]
[EventCountry "GER"]
[EventRounds "7"]
[EventType "team-swiss"]
[EventDate "2024.12.26"]

1. e4 c5 2. Nc3 Nc6 3. g3 Nf6 4. Bg2 g6 5. Nge2 Bg7 6. O-O Rb8 7. d3 O-O 8. f4
d6 9. h3 a6 10. g4 Qc7 11. Ng3 b5 12. g5 Nd7 13. Nd5 Qb7 14. f5 Nb6 15. f6 Bh8
16. fxe7 Bd4+ 17. Kh2 Nxe7 18. Nf6+ Kh8 19. c3 Bxf6 20. Rxf6 Ng8 21. Rf2 Qe7
22. Bf4 Bb7 23. Qe2 Rbe8 24. Rd1 f6 25. gxf6 Nxf6 26. Bg5 Nbd7 27. Rdf1 Rf7 28.
d4 cxd4 29. cxd4 Ref8 30. Qc2 Qe6 31. d5 Qe5 32. Bf4 Ng4+ 33. hxg4 Rxf4 34.
Rxf4 Rxf4 35. Rxf4 Qxf4 36. Qc7 Nc5 37. b4 Qh6+ 38. Bh3 Qd2+ 39. Bg2 Qxb4 40.
Qxd6 Kg7 41. g5 Kf7 42. e5 Nd3 43. e6+ Kg8 44. Qb8+ Qf8 45. Qxb7 Nf2 46. Qa7
Ng4+ 47. Kg1 Qc8 48. Qf7+ Kh8 49. Qf4 Qc5+ 50. Kh1 h5 51. gxh6 Nf2+ 52. Kh2 Kh7
53. e7 1-0

[Event "DVM U20w 2024"]
[Site "Sebnitz GER"]
[Date "2024.12.27"]
[Round "1"]
[White "Baklan, Kira"]
[Black "Muhina, Liana"]
[Result "0-1"]
[Termination "normal"]
[Board "4.3"]
[WhiteElo "1623"]
[BlackElo "1526"]
[WhiteTeam "SK Lehrte von 1919 e. V."]
[BlackTeam "SC Garching 1980 2"]
[PlyCount "66"]
[WhiteFideId "34186514"]
[BlackFideId "16266145"]
[EventCountry "GER"]
[EventRounds "7"]
[EventType "team-swiss"]
[EventDate "2024.12.26"]

1. e4 d5 2. exd5 Qxd5 3. Nc3 Qa5 4. d4 Nf6 5. Nf3 c6 6. Bd3 Bg4 7. O-O e6 8.
Be2 Bd6 9. Bg5 Bxf3 10. Bxf6 Bxe2 11. Qxe2 gxf6 12. Ne4 Be7 13. a3 f5 14. Nd2
Nd7 15. Rad1 O-O-O 16. Nb3 Qc7 17. c4 Nf6 18. Rfe1 Bd6 19. h3 Rhg8 20. Qf3 Rg6
21. d5 Ne4 22. Qe3 Qb6 23. Qxb6 axb6 24. dxe6 fxe6 25. f3 Nc5 26. Nd4 Rdg8 27.
Re2 Rd8 28. Ree1 Bg3 29. Re2 Nb3 30. Re3 Nxd4 31. Red3 Ne2+ 32. Kf1 Rxd3 33.
Rxd3 Nf4 0-1

[Event "DVM U20w 2024"]
[Site "Sebnitz GER"]
[Date "2024.12.27"]
[Round "1"]
[White "Anaparthi, Aditi"]
[Black "Thiele, Lea-Marie"]
[Result "0-1"]
[Termination "normal"]
[Board "4.4"]
[WhiteElo "1483"]
[BlackElo "1654"]
[WhiteTeam "SC Garching 1980 2"]
[BlackTeam "SK Lehrte von 1919 e. V."]
[PlyCount "48"]
[WhiteFideId "34620389"]
[BlackFideId "16298616"]
[EventCountry "GER"]
[EventRounds "7"]
[EventType "team-swiss"]
[EventDate "2024.12.26"]

1. e4 e6 2. d4 d5 3. exd5 exd5 4. Nf3 Nf6 5. Be3 Bd6 6. Nbd2 Bf5 7. Be2 c6 8.
c3 Nbd7 9. O-O Qc7 10. h3 h5 11. Ng5 Bh2+ 12. Kh1 Ng4 13. f4 Nxe3 14. Qe1 Nxf1
15. Qxf1 Qxf4 16. Ngf3 Bg3 17. Qg1 g5 18. Nf1 g4 19. Nxg3 Qxg3 20. Qe3+ Be4 21.
Qg5 f6 22. Qe3 O-O-O 23. Rg1 gxh3 24. Bf1 h2 0-1

[Event "DVM U20w 2024"]
[Site "Sebnitz GER"]
[Date "2024.12.27"]
[Round "1"]
[White "Burchardi, Helena"]
[Black "Kanno, Clara Yumi"]
[Result "1-0"]
[Termination "normal"]
[Board "5.2"]
[WhiteElo "1730"]
[BlackElo "1689"]
[WhiteTeam "SV Königsjäger Süd-West 2"]
[BlackTeam "SF Essen-Werden 1924/80"]
[PlyCount "113"]
[WhiteFideId "34636374"]
[BlackFideId "16259661"]
[EventCountry "GER"]
[EventRounds "7"]
[EventType "team-swiss"]
[EventDate "2024.12.26"]

1. e4 e5 2. Nf3 Nf6 3. Nxe5 d6 4. Nf3 Nxe4 5. Nc3 d5 6. Bd3 Nxc3 7. dxc3 Be7 8.
Be3 O-O 9. Qd2 Be6 10. O-O-O c5 11. Bg5 Nc6 12. Kb1 a6 13. Bxe7 Qxe7 14. Ng5 h6
15. h4 b5 16. Nxe6 fxe6 17. Qe3 c4 18. Bg6 b4 19. Qb6 Qd6 20. cxb4 Rab8 21. Qc5
Qxc5 22. bxc5 Rxf2 23. Rhe1 Rf6 24. h5 Rb5 25. Re3 Rxc5 26. Rde1 e5 27. Ra3 a5
28. Rae3 d4 29. R3e2 Rb5 30. Be4 Ne7 31. Bf3 Rf5 32. Bg4 Rf6 33. Bf3 c3 34. b3
Rf5 35. a4 Rc5 36. Bg4 Rg5 37. Be6+ Kh8 38. g4 Ng8 39. Bf5 Nf6 40. Rxe5 Rxe5
41. Rxe5 Kg8 42. Rxa5 Kf8 43. Ra8+ Ke7 44. Ra7+ Kf8 45. Bg6 Rxg4 46. a5 Rg5 47.
a6 Ra5 48. Rf7+ Kg8 49. a7 Ne4 50. Bxe4 Kxf7 51. a8=Q Rxa8 52. Bxa8 g5 53.
hxg6+ Kxg6 54. b4 Kf6 55. Ka2 Ke6 56. Bf3 Kd6 57. Kb3 1-0

[Event "DVM U20w 2024"]
[Site "Sebnitz GER"]
[Date "2024.12.27"]
[Round "1"]
[White "Claussen, Daniela"]
[Black "Zhou, Leyi Charlotte"]
[Result "1/2-1/2"]
[Termination "normal"]
[Board "5.3"]
[WhiteElo "1470"]
[BlackElo "1578"]
[WhiteTeam "SF Essen-Werden 1924/80"]
[BlackTeam "SV Königsjäger Süd-West 2"]
[PlyCount "122"]
[WhiteFideId "16248929"]
[BlackFideId "16258100"]
[EventCountry "GER"]
[EventRounds "7"]
[EventType "team-swiss"]
[EventDate "2024.12.26"]

1. b3 d5 2. e3 Nf6 3. Bb2 Bf5 4. f4 e6 5. Nf3 Be7 6. Ne5 h6 7. Be2 O-O 8. O-O
c5 9. d3 Nfd7 10. Bg4 Bh7 11. Nd2 Nxe5 12. Bxe5 Nc6 13. Bb2 b5 14. Nf3 a5 15.
Ne5 Nxe5 16. Bxe5 Qd7 17. Qf3 d4 18. f5 exf5 19. Bxf5 Bxf5 20. Qxf5 Qxf5 21.
Rxf5 dxe3 22. Re1 Bg5 23. Bd6 Rfe8 24. Bxc5 g6 25. Rf3 Rac8 26. d4 Re6 27. Re2
f5 28. g3 h5 29. h4 Bh6 30. Ba3 Bg7 31. Bb2 Rec6 32. c3 Bh6 33. Kf1 Kf7 34. Rc2
a4 35. Ke2 axb3 36. axb3 Ra8 37. Kd3 Re8 38. Bc1 Rce6 39. Re2 R6e7 40. Bxe3 Re6
41. c4 bxc4+ 42. bxc4 Ra6 43. c5 Ra3+ 44. Kd2 Re4 45. d5 Rd4+ 46. Ke1 Rxd5 47.
c6 Bxe3 48. Rfxe3 Rxe3 49. Rxe3 Rc5 50. Ra3 Rxc6 51. Kf2 Kf6 52. Kf3 g5 53. Rb3
gxh4 54. gxh4 Rc4 55. Rb6+ Ke5 56. Rb5+ Ke6 57. Rb6+ Kd7 58. Rb7+ Ke6 59. Rb6+
Ke7 60. Rb7+ Kd6 61. Rb5 Ke6 1/2-1/2

[Event "DVM U20w 2024"]
[Site "Sebnitz GER"]
[Date "2024.12.29"]
[Round "6"]
[White "Falke, Ornella"]
[Black "Stelter, Finja"]
[Result "1-0"]
[Termination "normal"]
[Board "1.1"]
[WhiteTitle "WCM"]
[WhiteElo "2019"]
[BlackElo "1711"]
[WhiteTeam "Elmshorner SC 1896"]
[BlackTeam "SK Lehrte von 1919 e. V."]
[PlyCount "51"]
[WhiteFideId "16207092"]
[BlackFideId "16298624"]
[EventCountry "GER"]
[EventRounds "7"]
[EventType "team-swiss"]
[EventDate "2024.12.26"]

1. e4 c5 2. Nf3 Nc6 3. d4 cxd4 4. Nxd4 g6 5. c4 Bg7 6. Nc2 d6 7. Be2 Nf6 8. Nc3
b6 9. O-O O-O 10. Rb1 Bb7 11. Kh1 Rc8 12. b3 e6 13. Ba3 Ne7 14. e5 Ne8 15. exd6
Nxd6 16. Qxd6 Nf5 17. Qf4 Bxc3 18. Bxf8 Kxf8 19. Bf3 Bxf3 20. Qxf3 Qd2 21. Rfd1
Qxc2 22. Rbc1 Qxa2 23. Qxc3 Ke7 24. Ra1 Qxf2 25. Rxa7+ Kf8 26. Qh8# 1-0